| 000 | 00708cam a2200217 a 4500 | ||
|---|---|---|---|
| 020 | _a9780321588760 | ||
| 020 | _a0321588762 | ||
| 020 | _a0321628837 | ||
| 020 | _a9780321628831 | ||
| 050 | 0 | 0 |
_aQA303.2 _b.F56 2010 |
| 100 | 1 | _aWeir, Maurice D. | |
| 245 | 1 | 0 |
_aThomas' calculus : _bearly transcendentals / _cbased on the original work by George B. Thomas, Jr., as revised by Maurice D. Weir, Joel Hass. |
| 250 | _a12th ed. | ||
| 260 |
_aBoston : _bAddison-Wesley, _cc2010. |
||
| 300 | _axvi, 1006, [133] p. : | ||
| 500 | _aIncludes index. | ||
| 650 |
_xMaple (Computer file) ; _xCalculus ; _xCalculus -- Data processing. |
||
| 700 | 1 | _aHass, Joel. | |
| 700 | 1 | _aThomas, George B., | |
| 942 |
_2lcc _cGEN |
||
| 999 |
_c10309 _d10309 |
||